|
|
|
|
| LEADER |
00677cam a2200193 7i4500 |
| 001 |
0000042467 |
| 005 |
20170222090000.0 |
| 020 |
|
|
|a 9781555703516 (pbk.)
|
| 020 |
|
|
|a 1555703518 (pbk.)
|
| 090 |
0 |
0 |
|a TK5105.875.I57
|b B37 1999
|
| 100 |
1 |
|
|a Burke, John
|
| 245 |
1 |
0 |
|a Intronet :
|b a beginner's guide to searching the Internet
|c John Burke.
|
| 260 |
|
|
|a New York:
|b Neal-Schuman Publishers,
|c 1999.
|
| 300 |
|
|
|a viii, 119 p.;
|c 23 cm.
|
| 650 |
0 |
0 |
|a Internet
|
| 997 |
|
|
|a Communication, Visual Art & Computing, Faculty
|b Communication, Department
|
| 998 |
|
|
|a Library Science, Diploma
|
| 998 |
|
|
|a Library Science, Degree
|
| 999 |
|
|
|a 0000055709
|b BOK
|c OPEN SHELF
|e 2nd Floor, Bestari Jaya
|